Language teaching games and contests /
Structure games. Vocabulary games. Spelling games. Pronunciation games. Number games. Listen-and do games. Read-and-do games. Games and writing...
Wedi'i Gadw mewn:
| Prif Awdur: | |
|---|---|
| Fformat: | Llyfr |
| Iaith: | English |
| Cyhoeddwyd: |
Oxford :
Oxford University Press,
1979.
|
| Rhifyn: | 2nd ed. |
| Pynciau: | |
| Tagiau: |
Ychwanegu Tag
Dim Tagiau, Byddwch y cyntaf i dagio'r cofnod hwn!
|
| Thư viện lưu trữ: | Mạng thư viện Đại học Đà Nẵng |
|---|
| LEADER | 01245nam a2200349 a 4500 | ||
|---|---|---|---|
| 001 | 000042027 | ||
| 003 | 7369 | ||
| 005 | 20200526145513.0 | ||
| 008 | 171030s1979 | ||
| 020 | |a 0194327167 | ||
| 040 | |a lnn |c lnn |d lnn | ||
| 041 | 0 | |a eng | |
| 082 | 1 | 4 | |a 418.007 |b LE-W |
| 100 | 1 | |a Lee, W. R. | |
| 245 | 0 | 0 | |a Language teaching games and contests / |c W. R. Lee. |
| 250 | |a 2nd ed. | ||
| 260 | |a Oxford : |b Oxford University Press, |c 1979. | ||
| 300 | |a 203 p. : |b ill. ; |c 21.5cm. | ||
| 520 | 3 | |a Structure games. Vocabulary games. Spelling games. Pronunciation games. Number games. Listen-and do games. Read-and-do games. Games and writing... | |
| 630 | 0 | 4 | |a Modern languages. |
| 630 | 0 | 4 | |a Lanaguage. |
| 650 | 0 | 4 | |a Languages, Modern |x Study and teaching. |
| 650 | 0 | 4 | |a Educational games. |
| OWN | |a LNN | ||
| AVA | |a UDN50 |b LNN |c English |d 418.01 LE-W |e available |t Error 5001 Not defined in file expand_doc_bib_avail. |f 1 |g 0 |h N |i 0 |j AN |k 1 | ||
| 999 | |a From the UDN01 | ||
| AVA | |a UDN50 |b LNN |c English |d 418.01 LE-W |e available |t Error 5001 Not defined in file expand_doc_bib_avail. |f 1 |g 0 |h N |i 0 |j AN |k 1 | ||
| TYP | |a Monograph | ||
| TYP | |a Printed language | ||
| 980 | |a Mạng thư viện Đại học Đà Nẵng | ||


